All the rivers run : (Record no. 1072)

MARC details
000 -LEADER
fixed length control field 00716cam a2200253 i 4500
005 - DATE AND TIME OF LATEST TRANSACTION
control field 20260322212045.0
008 - FIXED-LENGTH DATA ELEMENTS--GENERAL INFORMATION
fixed length control field data
010 ## - LIBRARY OF CONGRESS CONTROL NUMBER
LC control number 77010289
020 ## - INTERNATIONAL STANDARD BOOK NUMBER
International Standard Book Number 031202021X :
Terms of availability {dollar}10.95
020 ## - INTERNATIONAL STANDARD BOOK NUMBER
International Standard Book Number 9780312020217 :
Terms of availability {dollar}10.95
040 ## - CATALOGING SOURCE
Original cataloging agency DLC
Transcribing agency DLC
Modifying agency DLC
050 00 - LIBRARY OF CONGRESS CALL NUMBER
Classification number PR9619.3.C394
Item number Al 1978
Classification number PR9619.3.C394
082 00 - DEWEY DECIMAL CLASSIFICATION NUMBER
Classification number 823
001 - CONTROL NUMBER
control field data
100 1# - MAIN ENTRY--PERSONAL NAME
Personal name Cato, Nancy.
245 10 - TITLE STATEMENT
Title All the rivers run :
Remainder of title a novel /
Statement of responsibility, etc. Nancy Cato.
250 ## - EDITION STATEMENT
Edition statement St. Martin's Press ed.
260 ## - PUBLICATION, DISTRIBUTION, ETC.
Place of publication, distribution, etc. New York :
Name of publisher, distributor, etc. St. Martin's Press,
Date of publication, distribution, etc. c1978.
300 ## - PHYSICAL DESCRIPTION
Extent 534 p. ;
Dimensions 24 cm.
650 #0 - SUBJECT ADDED ENTRY--TOPICAL TERM
Topical term or geographic name entry element Women artists
General subdivision Fiction.
650 #0 - SUBJECT ADDED ENTRY--TOPICAL TERM
Topical term or geographic name entry element River boats
General subdivision Fiction.
651 #0 - SUBJECT ADDED ENTRY--GEOGRAPHIC NAME
Geographic name Australia
General subdivision Fiction.
655 #7 - INDEX TERM--GENRE/FORM
Genre/form data or focus term Historical fiction..
Source of term gsafd
Holdings
Withdrawn status Lost status Damaged status Not for loan Home library Current library Shelving location Date acquired Total checkouts Full call number Barcode Date last seen Price effective from Koha item type
        Fairview Fairview General stacks 22/03/2026   823 BC0011106 22/03/2026 22/03/2026 Books